000 00651nam a2200205Ii 4500
003 JO-AjNU
008 230606s9999||||xx |||||||||||||| ||und||
020 _a0-07-070040-0/978-0-07-070040-6
040 _aJO-AjNU
_beng
_erda
_cJO-AjNU
041 _aeng
050 1 4 _aHF5657.4 .G37 2009
100 3 _aGarrison, Ray H /Noreen,Eric W/ Brewer,Peter C,
_eauthor
_91417
245 0 0 _aManagerial accounting
264 3 1 _aNew Delhi: Tata McGraw-Hill Education Private Limited,2009
300 _a863p
336 _atext
_btxt
_2rdacontent
337 _aunmediated
_bn
_2rdamedia
338 _avolume
_bnc
_2rdacarrier
650 4 _aManagerial accounting
_91418
999 _aE748
_c748
_d748